| 000 -LEADER |
| fixed length control field |
00542nam a22001697a 4500 |
| 008 - FIXED-LENGTH DATA ELEMENTS--GENERAL INFORMATION |
| fixed length control field |
210410b ||||| |||| 00| 0 eng d |
| 040 ## - CATALOGING SOURCE |
| Original cataloging agency |
BMS College of Architecture |
| 100 ## - MAIN ENTRY--PERSONAL NAME |
| Personal name |
Modi, Kumar Nilesh |
| 245 ## - TITLE STATEMENT |
| Title |
Decentralization of urban industrial settlement |
| 300 ## - PHYSICAL DESCRIPTION |
| Extent |
x. 56p. |
| 500 ## - GENERAL NOTE |
| General note |
1BM05AHD03 |
| 502 ## - DISSERTATION NOTE |
| Degree type |
M.Arch (Habitat Design) |
| Name of granting institution |
BMS College of Architecture, Visvesvaraya Technological University |
| Dissertation note |
Dissertation |
| Year degree granted |
2007 |
| 650 ## - SUBJECT ADDED ENTRY--TOPICAL TERM |
| Topical term or geographic name as entry element |
Urban |
| 650 ## - SUBJECT ADDED ENTRY--TOPICAL TERM |
| Topical term or geographic name as entry element |
Industrial |
| 700 ## - ADDED ENTRY--PERSONAL NAME |
| Personal name |
Satish S Rao |
| Relator term |
Guide |
| 942 ## - ADDED ENTRY ELEMENTS (KOHA) |
| Source of classification or shelving scheme |
|
| Koha item type |
PG-Thesis and Dissertations |